El Archipiélago de las Puntuadas

Guardat en:
Dades bibliogràfiques
Autor principal: Balcells, Jacqueline (Autor)
Format: Llibre
Idioma:espanyol
Publicat: Santiago Andrés Bello 1987
Edició:1a. ed
Col·lecció:Colección Estrella de los Andes, 2
Matèries:
Etiquetes: Afegir etiqueta
Sense etiquetes, Sigues el primer a etiquetar aquest registre!

MARC

LEADER 00000nam a2200000 a 4500
001 UCH6556
003 CL-VaPUC
008 091109e19870000CL |||||||||||||||||spa|d
082 0 4 |a Ch863  |b BAL  |2 21 
100 0 |a Balcells, Jacqueline  |e author  |9 543123 
245 1 3 |a El Archipiélago de las Puntuadas 
250 |a 1a. ed 
300 |a 40 p 
942 |c BK 
945 |d 20091109 00:00:00  |a ccalabra 
260 |a Santiago  |b Andrés Bello  |c 1987 
650 0 |a Literatura  |9 259151 
650 0 |a Literatura chilena   |9 308278 
650 0 |a Literatura infantil   |9 307465 
650 0 |a Cuentos infantiles  |9 308044 
650 0 |a Escritores chilenos   |9 420370 
650 0 |a Narrativa chilena  |9 342463 
650 0 |a Lectura  |9 307634 
651 7 |a CHILE  |2 CL-VaPUC  |9 543124 
583 |a last modification  |c 20130422 11:00:41  |k Rodrigo Vera 
490 0 |a Colección Estrella de los Andes, 2 
999 |c 337427  |d 337425